| 000 | 01183nac a22002891u 4500 | ||
|---|---|---|---|
| 010 | _a 00052542 | ||
| 020 | _a007136188X (pbk.) | ||
| 020 | _a0070473749 | ||
| 082 | 0 | 0 |
_a005.75/6 _bM4251 |
| 090 |
_c387 _d387 |
||
| 100 | _aMata-Toledo, Ramon A. | ||
| 245 | 1 | 0 |
_aSchaum's outline of fundamentals of relational databases / _cRamon A. Mata-Toledo, Pauline K. Cushman. |
| 246 | 3 | 0 | _aFundamentals of relational databases |
| 246 | 3 | 0 | _aRelational databases |
| 260 |
_aNew York : _bMcGraw-Hill, _cc2000. |
||
| 300 |
_avi, 249 p. : _bill. ; _c28 cm. |
||
| 490 | 0 | _aSchaum's outline series | |
| 500 | _aIncludes index. | ||
| 650 | 0 | _aRelational databases. | |
| 650 | 0 | _aDatabase design. | |
| 700 | 1 | _aCushman, Pauline K. | |
| 856 | 4 | 2 |
_3Contributor biographical information _uhttp://www.loc.gov/catdir/bios/mh041/00052542.html |
| 856 | 4 | 2 |
_3Publisher description _uhttp://www.loc.gov/catdir/description/mh021/00052542.html |
| 856 | 4 | 2 |
_3Table of contents _uhttp://www.loc.gov/catdir/toc/mh021/00052542.html |
| 942 |
_cBB _k005.756M4251 |
||
| 999 |
_c387 _d387 |
||